Popular Movies by Poster V - Statistics

General Stats
  • This quiz has been taken 1,705 times
  • The average score is 11 of 16
Answer Stats
Picture Answer % Correct
Titanic
100%
Joker (2019)
98%
Wonder Woman
97%
Scream
96%
Dune (2021)
91%
The Shining
90%
Tangled
88%
How to Train Your Dragon
86%
Zoolander
73%
Dodgeball: A True Underdog Story
59%
Johnny English
59%
Memento
49%
Edge of Tomorrow
39%
The Sandlot
38%
Misery
35%
A Christmas Story
34%
No matching quizzes found
Score Distribution
Percent of People with Each Score
Percentile by Number Answered
Your Score History
You have not taken this quiz